Sports Quiz

Random Sports Quiz

Teams that beat the Invincibles Quiz Stats

 Plays Quiz not verified by Sporcle

Challenge
Share
Tweet
Embed
Score 0/8 Timer 05:00
0 Plays Today
Score Club % Correct
0-1Manchester United
96.3%
1-1 (3-4 on pens)Manchester United
96.3%
1-2Chelsea
92.6%
0-3Internazionale
70.6%
0-1Middlesbrough
42.3%
1-2Middlesbrough
42.3%
1-2Dynamo Kyiv
29.4%
0-1Peterborough United
8%

You're not logged in!

Compare scores with friends on all Sporcle quizzes.
Join for Free
OR
Log In

You Might Also Like...

Show Comments

Extras

Top Quizzes Today


Score Distribution

Your Account Isn't Verified!

In order to create a playlist on Sporcle, you need to verify the email address you used during registration. Go to your Sporcle Settings to finish the process.

Report this User

Report this user for behavior that violates our Community Guidelines.

Details: